Introduction à l'épistémologie freudienne /

Furkejuvvon:
Bibliográfalaš dieđut
Váldodahkki: Assoun, Paul-Laurent (autor)
Materiálatiipa: Girji
Giella:fránskkagiella
Almmustuhtton: París, Francia : Payot, 1990, c1981
Ráidu:(Science de l'Homme Payot)
Fáttát:
Fáddágilkorat: Lasit fáddágilkoriid
Eai fáddágilkorat, Lasit vuosttaš fáddágilkora!

MARC

LEADER 00000nam^a2200000^a^4500
001 000165465
005 20250521000000.0
009 20260310101018.521
020 |a 2-228-88312-3 
037 |a Acervo ITESO - Biblioteca 
041 |a FRA 
082 |a 150. 1952  |b ASS 
100 |a Assoun, Paul-Laurent  |e (autor) 
240 1 1 |a [Introducción a la epistemología freudiana] 
245 1 0 |a Introduction à l'épistémologie freudienne /  |c P.L. Assoun. 
264 4 |a París, Francia :  |b Payot,  |c 1990, c1981 
300 |a 223 p. 
336 |a texto  |b txt  |2 rdacontenido 
337 |a sin mediación  |b n  |2 rdamedio 
338 |a volumen  |b nc  |2 rdasoporte 
440 1 |a (Science de l'Homme Payot) 
649 |a XX 
650 |a Saber en Psicoanálisis 
650 |a Conocimiento 
650 |a Epistemología 
650 |a Psicoanálisis Freudiano -  |x Teoría 
650 |a Psicoanálisis -  |x Teoría 
910 |a Fondo General 
920 |a Impresos - Libros 
930 |a Colección General 
905 |a 101 
901 |a 0500100040  |b IT1  |c ACC  |u 20250521 
902 |a https://opac.biblio.iteso.mx/vufind/Record/000165465